Vista normal
Vista MARC
Entrada Personal Name
Número de registros utilizados en: 6
001 - CONTROL NUMBER
- control field: 46
003 - CONTROL NUMBER IDENTIFIER
- control field: DO-SdBNP
005 - DATE AND TIME OF LATEST TRANSACTION
- control field: 20161129100609.0
008 - FIXED-LENGTH DATA ELEMENTS
- fixed length control field: 161107|| aca||aabn | a|a d
040 ## - CATALOGING SOURCE
- Original cataloging agency: DO-SdBNP
100 ## - HEADING--PERSONAL NAME
- Personal name: Saramago, José,
- Dates associated with a name: 1922-2010
670 ## - SOURCE DATA FOUND
- Source citation: El evangelio según Jesucristo,1991
- Information found: tomado de la portada José Saramago
670 ## - SOURCE DATA FOUND
- Source citation: Biografías y vidas. La enciclopedia biográfica en línea.
- Uniform Resource Identifier: http://www.biografiasyvidas.com/biografia/s/saramago.htm
670 ## - SOURCE DATA FOUND
- Source citation: Diccionario de biografías, 2004.
- Information found: p.867